Counter space : (Record no. 20760)

MARC details
000 -CABECERA
campo de control de longitud fija 01236nam a2200265 4500
003 - IDENTIFICADOR DEL NÚMERO DE CONTROL
campo de control OTs
005 - FECHA Y HORA DE LA ÚLTIMA TRANSACCIÓN
campo de control 20260601171017.0
008 - DATOS DE LONGITUD FIJA--INFORMACIÓN GENERAL
campo de control de longitud fija 260508b2011\\\\xxu|||||\||||\00|\0\eng\d
020 ## - NÚMERO INTERNACIONAL ESTÁNDAR DEL LIBRO
Número Internacional Estándar del Libro 9780870708084
040 ## - FUENTE DE LA CATALOGACIÓN
Centro catalogador/agencia de origen ICI
Lengua de catalogación spa
Centro/agencia transcriptor ICI
Normas de descripción rda
050 #0 - SIGNATURA TOPOGRÁFICA DE LA BIBLIOTECA DEL CONGRESO
Número de clasificación NK2117.K5
Número de documento/Ítem L36 2011
100 #1 - ENTRADA PRINCIPAL--NOMBRE DE PERSONA
Nombre de persona Lantz, Juliet Kinchin.
Término indicativo de función/relación autor
9 (RLIN) 34209
245 #1 - MENCIÓN DE TÍTULO
Título Counter space :
Resto del título Design and the modern kitchen /
Mención de responsabilidad, etc. Juliet Kinchin and Aidan O'Connor.
264 ## - PRODUCCIÓN, PUBLICACIÓN, DISTRIBUCIÓN, FABRICACIÓN Y COPYRIGHT
Producción, publicación, distribución, fabricación y copyright New York :
Nombre del de productor, editor, distribuidor, fabricante Museum of Modern Art,
Fecha de producción, publicación, distribución, fabricación o copyright 2011.
300 ## - DESCRIPCIÓN FÍSICA
Extensión 88 páginas :
Otras características físicas ilustraciones (color y blanco y negro) ;
336 ## - TIPO DE CONTENIDO
Fuente rdacontent
Término de tipo de contenido texto
337 ## - TIPO DE MEDIO
Fuente rdamedia
Nombre/término del tipo de medio sin medio
338 ## - TIPO DE SOPORTE
Fuente rdacarrier
Nombre/término del tipo de soporte volumen
500 ## - NOTA GENERAL
Nota general Publicado con motivo de la exposición celebrada en el Museum of Modern Art, Nueva York, del 15 de diciembre de 2010 al 14 de marzo de 2011.Publicado con motivo de la exposición celebrada en el Museum of Modern Art, Nueva York, del 15 de diciembre de 2010 al 14 de marzo de 2011.
650 ## - PUNTO DE ACCESO ADICIONAL DE MATERIA--TÉRMINO DE MATERIA
Término de materia o nombre geográfico como elemento de entrada Cocinas
Subdivisión de forma Exposiciones.
Subdivisión general Diseño y construcción
9 (RLIN) 34210
650 ## - PUNTO DE ACCESO ADICIONAL DE MATERIA--TÉRMINO DE MATERIA
Término de materia o nombre geográfico como elemento de entrada Utensilios de cocina
Subdivisión de forma Exposiciones.
Subdivisión general Diseño
-- Historia
Subdivisión cronológica Siglo XX
9 (RLIN) 34211
700 #1 - PUNTO DE ACCESO ADICIONAL--NOMBRE DE PERSONA
Nombre de persona O'Connor, Aidan.
9 (RLIN) 34212
710 #2 - PUNTO DE ACCESO ADICIONAL--NOMBRE DE ENTIDAD CORPORATIVA
Nombre de entidad corporativa o nombre de jurisdicción como elemento de entrada Museum of Modern Art (New York, N.Y.)
9 (RLIN) 6696
942 ## - ELEMENTOS DE PUNTO DE ACCESO ADICIONAL (KOHA)
Fuente del sistema de clasificación o colocación Library of Congress Classification
Suprimir en OPAC 1
Tipo de ítem Koha Libros

No items available.